01037nab a2200229 i 4500001000700000003000900007005001700016008004100033100004700074245016600121300001900287594006500306599003300371600004200404610005400446651007000500655002500570710007000595773010600665942001700771999001900788179993ES-MaACL20250827063229.0120313e1913 sp | p|| 100 ||spa d1 aMoret, Segismundo,d1833-1913eaut916274710aJosé Bonaparte : b[conferencia leída en el Ateneo de Madrid, organizada por el presidente de la Sección de Ciencias Históricas] / cpor Segismundo Moret aPáginas 4-30 5Precede al título: Conferencias del Ateneo de Madrid, 1912 aRetrato del autor en portada0 aJosé bI, cRey de España920072724aAteneo de Madrid-vConferencias-y1900-193991907 4aEspaña-xHistoria-y1808-1814, Guerra de la Independencia98244 0aConferencias92344442 aAteneo de Madrid. bSección de Ciencias Históricaseisb919810 tLa Palabra : revista taquigráfica, xISSN 2479-7723,g1 enero 1913, n. 1, p. 4-30w28790287992987 cANAB2udcn0 c179993d179993